| 000 | 02010nam a2200277 i 4500 | ||
|---|---|---|---|
| 005 | 20250329165421.0 | ||
| 007 | ta | ||
| 008 | 200622s2021 000 0 eng d | ||
| 040 |
_aCO-CtgCURN _bspa _ccoctgcurn _erda |
||
| 082 | 0 |
_aCOP 2021 _bM361 |
|
| 100 | 1 |
_aMarrugo Arellano, Harold Andrés, _eauthor. _4aut |
|
| 245 | 1 | 0 |
_aRol del contador público en la contabilidad gerencial y su impacto en las áreas de las empresas colombianas / _cHarold Andrés Marrugo Arellano; Camila Andrea Oviedo Haad. |
| 260 |
_aCartagena de Indias : _bCorporación Universitaria Rafael Núñez, _c2021. |
||
| 260 | 4 | _c©2021. | |
| 300 | _a23 hojas. | ||
| 336 |
_atext _btxt _2rdacontent |
||
| 337 |
_aunmediated _bn _2rdamedia |
||
| 338 |
_avolume _bnc _2rdacarrier |
||
| 502 | _aTrabajo de grado (Contador público). Corporación Universitaria Rafael Núñez. Facultad de Ciencias Administrativas y Contables. Programa de Contaduría pública, 2021. | ||
| 520 | 8 | _a"El rol del contador público en La contabilidad gerencial analiza el impacto que ha generado en las áreas de las empresas colombianas ya que es de gran importancia porque ayuda a comprender el desarrollo e interpretación de la información contable (oportuna y confiable) para la toma de decisiones, planeamiento y control de una organización. Ayuda a manejar y controlar las operaciones diarias del negocio. La contabilidad gerencial se enfoca en el uso eficiente y eficaz de los recursos de la organización y sus diferentes áreas a través de la aplicación y uso de estrategias, políticas y programas para el logro de sus objetivos. ." | |
| 650 | 0 |
_aContaduría pública _xTesis y disertaciones académicas. |
|
| 700 | 1 | _aOviedo Haad, Camila Andrea. | |
| 856 | 7 |
_uhttps://unicurn.sharepoint.com/:b:/s/biblioteca/EQYaECJ9EOZLqrwOnYEnHa0Bua6cnJBKtXXuLpEWMaeF2Q?e=K1pIKP _zClick aqui para ver el recurso en texto completo |
|
| 942 |
_cTG _hCOP 2021 _iM361 _aMHC _bMHC _2ddc |
||
| 999 |
_c3302 _d3302 |
||